| 000 | 00382nam a2200133 i 4500 | ||
|---|---|---|---|
| 001 | 44692 | ||
| 003 | ES-MaACL | ||
| 007 | t| | ||
| 008 | 030324s1951 sp ||||1| spa d | ||
| 245 | 0 | 0 | _aCincuentenario del gremio de confitería y pastelería de Barcelona. |
| 260 |
_aBarcelona : _b[Altés], _c1951. |
||
| 300 |
_a138 p., 10 lám. ; _c25 cm. |
||
| 852 |
_aES-MaACL _jC-6182 _bR.35083 |
||
| 999 |
_c44692 _d44692 |
||